000 01312nam0a22003011 4500
001 v19\rc\1761068
005 20250619064534.0
035 _a(NLR Aleph) 004861605
090 _a5016347
_c5016347
100 _a20061204d1903 |||y0rusy50 ca
101 0 _arus
102 _aRU
105 _ay j |||||
200 1 _aЛекции по истории педагогики, читанные Я.Н. Колубовским. 1902-1903 г.
_e3 курс П[ед]. ж[ен]. к[урсов]
210 _a[Санкт-Петербург]
_cлитогр. Ю. Семечкиной
_d[1903]
215 _a491 с.
_d30
300 _aС. 369-491 ошибочно помечены: 363-485
309 _aНаписано от руки. Литогр.
320 _aБиблиогр.: "Литература по истории педагогики" (с. 3-4)
532 1 0 _aЛекции по истории педагогики, читанные Яковом Николаевичем Колубовским. 1902-1903 г.
700 1 _7ca
_8rus
_aКолубовский
_bЯ. Н.
_f1863-
_gЯков Николаевич
_9188183
_3RU\NLR\AUTH\770188234
801 0 _aRU
_bNLR
_gpsbo
801 0 _aRU
_bRuMoRGB
_2psbo
801 1 _aRU
_bProSoft-M
_2rusmarc
852 _aNLR
_j38.35.1.58
942 _cBOOK
980 _aNB